Géographie du monde : Mots en une syllabe - Statistiques

Statistiques générales
  • Ce quiz a été pris 148 fois
    122 depuis la dernière actualisation
  • Le résultat moyen est 14 sur 41
Statistiques - réponses
DEPARTEMENTS % Correct
A Ain
94%
M Mars
81%
N Mer du {Nord}
79%
N Nord
79%
B Mont {Blanc}
77%
V Var
72%
V Var
72%
G Gard
68%
T Tarn
66%
D Doubs
62%
G Gers
61%
C Cher
57%
L Lot
50%
C Caen
38%
N Nil
37%
P Pau
37%
P
35%
R Rhin
35%
G Gap
29%
L Laon
27%
M Minsk
26%
F Foix
25%
T Tchad
24%
B Blois
23%
A Auch
22%
M Metz
20%
O Golfe de l'{Ob}
19%
B Mont {Bear}
19%
O Ob
19%
T Tours
19%
D Don
14%
O Orb
4%
T Têt
3%
R Mer de {Ross}
2%
B Détroit de {Bass}
1%
K Kem
1%
K Pic {King}
1%
P Pour
1%
T Taz
1%
K Golfe de {Kutch}
0%
W Mont {Wood}
0%
Aucun quiz correspondant
Distribution des résultats
% des personnes avec chaque résultat
Percentile par nombre de réponses
Votre historique - résultats
Vous n’avez pas pris ce quiz depuis la dernière actualisation